00000000cas 2200000zi 4500
0019.963104
003CaOODSP
00520260602092420
006m     o  d f      
007cr cn ||||||||
008260526d19721976oncmr p o    f0### 0fre|d
022 |y0700-1142
040 |aCaOODSP|bfre|erda|cCaOODSP
043 |an-cn---
0861 |aRE31-3F-PDF
24500|aRapport subventions au développement régional.
264 1|a[Ottawa] : |bExpansion économique régionale = Regional Economic Expansion, |c[1972-1976]
310 |aMensuel
336 |atexte|btxt|2rdacontent/fre
337 |ainformatique|bc|2rdamedia/fre
338 |aressource en ligne|bcr|2rdacarrier/fre
3621 |aParaît depuis : Juin 1972; ne paraît plus après : Décembre 1976.
500 |aPublié aussi en anglais sous le titre : Report on regional development incentives.
500 |aÉdition numérisée de l'imprimé [par Innovation, Sciences et Développement économique Canada].
588 |aDescription d'après : Juin 1972; titre de la page couverture du fichier PDF.
588 |aDernière livraison consultée : Décembre 1976.
650 6|aPromotion industrielle|zCanada|vPéridiques.
650 6|aSubventions|zCanada|vPériodiques.
655 7|aPériodiques|2rvmgf
7101 |aCanada. |bMinistère de l'expansion économique régionale, |eorganisme de publication.
7101 |aCanada. |bExpansion économique régionale, |eorganisme de publication.
77508|tReport on regional development incentives.|w(CaOODSP)9.963105
78000|tRapport sur l'application de la Loi sur les subventions au développement régional.|w(CaOODSP)9.963109
78500|tMonthly report to Parliament on regional development incentives = |w(CaOODSP)9.963002